Aplikácia akruálneho princípu v legislatíve upravujúcej účtovníctvo vo vybraných krajinách diplomová práca

Uložené v:
Podrobná bibliografia
Hlavný autor: Svobodová, Sára Simona
Korporativný autor: Fakulta hospodárskej informatiky EU. Katedra účtovníctva a audítorstva
Ďalší autori: Marci, Anton, 1989-
Médium: Kniha
Jazyk:Slovak
Vydavateľské údaje: Bratislava 2023
Tagy: Pridať tag
Žiadne tagy, Buďte prvý, kto otaguje tento záznam!

MARC

LEADER 00000nbm a2200000 4500
001 0294114
005 20240209095449.2
041 0 |a slo 
044 |a SK 
245 1 0 |a Aplikácia akruálneho princípu v legislatíve upravujúcej účtovníctvo vo vybraných krajinách  |b diplomová práca  |c Sára Simona Svobodová ; školiteľ: Anton Marci 
264 1 |a Bratislava  |c 2023 
300 |a 78 s. 
100 1 |a Svobodová, Sára Simona 
700 1 |a Marci, Anton, 1989- 
710 2 |a Fakulta hospodárskej informatiky EU. Katedra účtovníctva a audítorstva